| 000 | 00433nam a2200169Ia 4500 | ||
|---|---|---|---|
| 003 | GCL | ||
| 008 | 140319s9999 xx 000 0 eng d | ||
| 040 |
_aGCL / _cGCL |
||
| 082 | 0 | 4 |
_a745.44 _bM A |
| 100 | 1 | _aMAXWELL, SHIRLEY | |
| 245 | 1 | 0 |
_aARTS & CRAFT / _cMAXWELL, SHIRLEY |
| 700 | 1 | _aMASSEY, JONES C | |
| 260 |
_a[S.N] : _bABBEVILLE PRESS PUBLISHERS |
||
| 300 | _a95 | ||
| 650 | 0 | 4 | _aARTS AND CRAFTS MONUMENTS |
| 942 |
_2ddc _cBK |
||
| 999 |
_c10411 _d10411 |
||